La programación y el control de los aprovisionamientos (Registro nro. 2762)

Detalles MARC
000 -LEADER
fixed length control field 00920 a2200193 4500
001 - CONTROL NUMBER
control field 37544
005 - DATE AND TIME OF LATEST TRANSACTION
control field 20260407155643.0
008 - FIXED-LENGTH DATA ELEMENTS--GENERAL INFORMATION
fixed length control field 260407a1968 arg spa d
003 - CONTROL NUMBER IDENTIFIER
control field AR-UNSa-BCEJYS
040 ## - CATALOGING SOURCE
Original cataloging agency AR-UNSa-BCEJYS
Language of cataloging spa
Transcribing agency AR-UNSa-BCEJYS
080 ## - UNIVERSAL DECIMAL CLASSIFICATION NUMBER
Universal Decimal Classification number 658.7
Common auxiliary subdivision Compras. Aprovisionamiento. Gestión de existencias
100 1# - MAIN ENTRY--PERSONAL NAME
Personal name ISEO
245 10 - TITLE STATEMENT
Title La programación y el control de los aprovisionamientos
264 #1 - PRODUCTION, PUBLICATION, DISTRIBUTION, MANUFACTURE, AND COPYRIGHT NOTICE
Place of production, publication, distribution, manufacture Madrid :
Name of producer, publisher, distributor, manufacturer Iberico Europea de Ediciones
Date of production, publication, distribution, manufacture, or copyright notice 1968
300 ## - PHYSICAL DESCRIPTION
Extent 249 p.
Dimensions 22 cm.
505 ## - FORMATTED CONTENTS NOTE
Formatted contents note 1. La programación y el control de las compras - 2. La organización de la función de aprovisionamientos - 3. La organización administrativa de las compras - 4. La programación y el control de las compras en la práctica empresarial - 5. Distintas aplicaciones prácticas según la naturaleza de la actividad por la empresa y su dimensión.
590 ## - LOCAL NOTE (RLIN)
Local note niveau_biblio:m niveau_hierar:0
942 ## - ADDED ENTRY ELEMENTS (KOHA)
Koha item type
Existencias
Withdrawn status Lost status Damaged status Not for loan Home library Current library Shelving location Date acquired Total checkouts Full call number Barcode Date last seen Price effective from Koha item type
        Biblioteca Prof. Eusebio Cleto del Rey Biblioteca Prof. Eusebio Cleto del Rey   07/04/2026   658.7 I78 L22083 07/04/2026 07/04/2026 Libro